Thư ký Bác Hồ kể chuyện
Cuốn sách tập hợp các bài viết của đồng chí Vũ Kỳ về những kỷ niệm sâu sắc trong những năm tháng được làm việc bên Bác Hồ, thể hiện tình cảm kính yêu, ngưỡng mộ, cảm phục của tác giả, của các cán bộ, đảng viên và nhân dân ta đối...
Na minha lista:
| Autor principal: | |
|---|---|
| Formato: | Livro |
| Idioma: | Undetermined |
| Publicado em: |
Hà Nội
Chính trị Quốc gia
2005
|
| Assuntos: | |
| Tags: |
Adicionar Tag
Sem tags, seja o primeiro a adicionar uma tag!
|
| Thư viện lưu trữ: | Trung tâm Học liệu Trường Đại học Cần Thơ |
|---|
| LEADER | 00973nam a2200229Ia 4500 | ||
|---|---|---|---|
| 001 | CTU_91586 | ||
| 008 | 210402s9999 xx 000 0 und d | ||
| 020 | |c 53000 | ||
| 082 | |a 324.2075092 | ||
| 082 | |b K600 | ||
| 100 | |a Vũ, Kỳ | ||
| 245 | 0 | |a Thư ký Bác Hồ kể chuyện | |
| 245 | 0 | |c Vũ Kỳ | |
| 260 | |a Hà Nội | ||
| 260 | |b Chính trị Quốc gia | ||
| 260 | |c 2005 | ||
| 520 | |a Cuốn sách tập hợp các bài viết của đồng chí Vũ Kỳ về những kỷ niệm sâu sắc trong những năm tháng được làm việc bên Bác Hồ, thể hiện tình cảm kính yêu, ngưỡng mộ, cảm phục của tác giả, của các cán bộ, đảng viên và nhân dân ta đối với Người. | ||
| 650 | |a Communists | ||
| 650 | |x Biography | ||
| 650 | |z Vietnam | ||
| 904 | |i Nguyên | ||
| 980 | |a Trung tâm Học liệu Trường Đại học Cần Thơ | ||